| 000 | 00790nam a2200205Ii 4500 | ||
|---|---|---|---|
| 003 | JO-AjNU | ||
| 008 | 230605s9999||||xx |||||||||||||| ||und|| | ||
| 017 | _a2014/7/3583 | ||
| 040 |
_aJO-AjNU _bara _erda _cJO-AjNU |
||
| 041 | _aara | ||
| 050 | 1 | 4 | _aKZ6471 2014 |
| 100 | 3 |
_aحجازي، مهند, _eauthor _957861 |
|
| 245 | 0 | 0 | _aتقييد مبدأ الضرورة العسكرية بالاعتبارات الإنسانية |
| 264 | 3 | 1 | _aعمان: اللجنة الدولية للصليب الاحمر، 2014 |
| 300 | _a369ص | ||
| 336 |
_atext _btxt _2rdacontent |
||
| 337 |
_aunmediated _bn _2rdamedia |
||
| 338 |
_avolume _bnc _2rdacarrier |
||
| 650 | 4 |
_aالقانون الدولي الانساني - الاعتبارات الانسانية - الضرورة العسكرية _957862 |
|
| 999 |
_aA25954 _c29522 _d29522 |
||